<?xml version="1.0" encoding="UTF-8"?>
<record
    xmlns:xsi="http://www.w3.org/2001/XMLSchema-instance"
    xsi:schemaLocation="http://www.loc.gov/MARC21/slim http://www.loc.gov/standards/marcxml/schema/MARC21slim.xsd"
    xmlns="http://www.loc.gov/MARC21/slim">

  <leader>02855nam a2200553Ia 4500</leader>
  <controlfield tag="001">6188</controlfield>
  <controlfield tag="008">241029s9999    xx            000 0 und d</controlfield>
  <datafield tag="010" ind1=" " ind2=" ">
    <subfield code="a">5827</subfield>
  </datafield>
  <datafield tag="041" ind1=" " ind2=" ">
    <subfield code="a">Espa&#xF1;ol</subfield>
  </datafield>
  <datafield tag="082" ind1=" " ind2=" ">
    <subfield code="a">no aplica</subfield>
  </datafield>
  <datafield tag="245" ind1=" " ind2="0">
    <subfield code="a">Estilo de liderazgo del director y su incidencia en el clima organizacional del Centro Educativo Ana Luisa Guti&#xE9;rrez, Distrito Educativo 08 - 05, Santiago, a&#xF1;o escolar 2016 - 2017.</subfield>
  </datafield>
  <datafield tag="260" ind1=" " ind2=" ">
    <subfield code="a">Santiago</subfield>
  </datafield>
  <datafield tag="300" ind1=" " ind2=" ">
    <subfield code="a">97</subfield>
  </datafield>
  <datafield tag="520" ind1=" " ind2=" ">
    <subfield code="a">70</subfield>
  </datafield>
  <datafield tag="630" ind1=" " ind2=" ">
    <subfield code="a">Directores de Centro</subfield>
  </datafield>
  <datafield tag="630" ind1=" " ind2=" ">
    <subfield code="a">Liderazgo</subfield>
  </datafield>
  <datafield tag="630" ind1=" " ind2=" ">
    <subfield code="a">Organizaci&#xF3;n</subfield>
  </datafield>
  <datafield tag="650" ind1=" " ind2=" ">
    <subfield code="a">Gesti&#xF3;n Educativa</subfield>
  </datafield>
  <datafield tag="690" ind1=" " ind2=" ">
    <subfield code="a">Copiado sin cambios</subfield>
  </datafield>
  <datafield tag="700" ind1=" " ind2=" ">
    <subfield code="e">asesor</subfield>
    <subfield code="a">Cabrera, Ceferina</subfield>
  </datafield>
  <datafield tag="700" ind1=" " ind2=" ">
    <subfield code="e">autor</subfield>
    <subfield code="a">N&#xFA;&#xF1;ez B&#xE1;ez, Magdalena</subfield>
  </datafield>
  <datafield tag="700" ind1=" " ind2=" ">
    <subfield code="e">autor</subfield>
    <subfield code="a"> Del Orbe Dif&#xF3; , Orqu&#xED;dea</subfield>
  </datafield>
  <datafield tag="901" ind1=" " ind2=" ">
    <subfield code="a">{"1":"N&#xFA;&#xF1;ez B&#xE1;ez","2":" Del Orbe Dif&#xF3; "}</subfield>
    <subfield code="b">{"1":"Magdalena","2":"Orqu&#xED;dea"}</subfield>
  </datafield>
  <datafield tag="902" ind1=" " ind2=" ">
    <subfield code="a">1</subfield>
  </datafield>
  <datafield tag="903" ind1=" " ind2=" ">
    <subfield code="a">{"1":"Cabrera"}</subfield>
    <subfield code="b">{"1":"Ceferina"}</subfield>
  </datafield>
  <datafield tag="904" ind1=" " ind2=" ">
    <subfield code="a">Mag&#xED;ster en</subfield>
  </datafield>
  <datafield tag="905" ind1=" " ind2=" ">
    <subfield code="a">Educaci&#xF3;n Superior</subfield>
  </datafield>
  <datafield tag="906" ind1=" " ind2=" ">
    <subfield code="a">1</subfield>
  </datafield>
  <datafield tag="907" ind1=" " ind2=" ">
    <subfield code="a">Menci&#xF3;n en</subfield>
  </datafield>
  <datafield tag="908" ind1=" " ind2=" ">
    <subfield code="a">Gesti&#xF3;n Educativa</subfield>
  </datafield>
  <datafield tag="909" ind1=" " ind2=" ">
    <subfield code="a">Universidad Nacional Evang&#xE9;lica (UNEV), Recinto Santiago</subfield>
  </datafield>
  <datafield tag="910" ind1=" " ind2=" ">
    <subfield code="a">NULL</subfield>
    <subfield code="b">NULL</subfield>
  </datafield>
  <datafield tag="911" ind1=" " ind2=" ">
    <subfield code="a">["1"]</subfield>
  </datafield>
  <datafield tag="912" ind1=" " ind2=" ">
    <subfield code="a">NO APLICA</subfield>
  </datafield>
  <datafield tag="913" ind1=" " ind2=" ">
    <subfield code="a">NULL</subfield>
  </datafield>
  <datafield tag="914" ind1=" " ind2=" ">
    <subfield code="a">02 de Octubre de 2017</subfield>
  </datafield>
  <datafield tag="915" ind1=" " ind2=" ">
    <subfield code="a">20/12/19 08:12</subfield>
  </datafield>
  <datafield tag="916" ind1=" " ind2=" ">
    <subfield code="a">NULL</subfield>
  </datafield>
  <datafield tag="917" ind1=" " ind2=" ">
    <subfield code="a">NULL</subfield>
  </datafield>
  <datafield tag="918" ind1=" " ind2=" ">
    <subfield code="a">NO APLICA</subfield>
  </datafield>
  <datafield tag="919" ind1=" " ind2=" ">
    <subfield code="a">["203","131","263"]</subfield>
  </datafield>
  <datafield tag="520" ind1=" " ind2=" ">
    <subfield code="a">Esta investigaci&#xF3;n tiene como objetivo general determinar el estilo del liderazgo del director y su incidencia en el clima organizacional, del Centro Educativo Ana Luisa Guti&#xE9;rrez, Distrito 08-05, a&#xF1;o escolar 2016-2017, Santiago, Rep&#xFA;blica Dominicana. Los objetivos espec&#xED;ficos son: identificar el estilo del liderazgo del director y su incidencia en el clima organizacional, del Centro Educativo Ana Luisa Guti&#xE9;rrez, Distrito 08-05, a&#xF1;o escolar 2016-2017, Santiago, Rep&#xFA;blica Dominicana e indagar c&#xF3;mo es el clima organizacional del Centro Educativo ya mencionado.&#xA0;La metodolog&#xED;a utilizada se fundamenta en el m&#xE9;todo deductivo y cuantitativo, se hace un an&#xE1;lisis mixto que enfoca a las variables y le da respuesta a los objetivos planteados. La poblaci&#xF3;n objeto de estudio fueron dos: que est&#xE1;n constituida por el equipo de gesti&#xF3;n que cuenta con seis personas; la directora, dos coordinadoras, la coordinadora de registro, dos psic&#xF3;logos y los docentes que en total son 16.Se concluye que a partir de la percepci&#xF3;n de la poblaci&#xF3;n objeto de estudio, el estilo de liderazgo en el clima organizacional que el estilo de liderazgo es de diferentes tipos: es transformacional, es transaccional, es carism&#xE1;tico. As&#xED; mismo, es democr&#xE1;tico, es orientado a la persona y a la tarea.</subfield>
  </datafield>
  <datafield tag="921" ind1=" " ind2=" ">
    <subfield code="a">69</subfield>
  </datafield>
  <datafield tag="922" ind1=" " ind2=" ">
    <subfield code="a">69</subfield>
  </datafield>
  <datafield tag="923" ind1=" " ind2=" ">
    <subfield code="a">1</subfield>
  </datafield>
  <datafield tag="924" ind1=" " ind2=" ">
    <subfield code="a">20191020232829</subfield>
  </datafield>
  <datafield tag="942" ind1=" " ind2=" ">
    <subfield code="c">Tesis</subfield>
  </datafield>
  <datafield tag="999" ind1=" " ind2=" ">
    <subfield code="c">5827</subfield>
    <subfield code="d">5827</subfield>
  </datafield>
</record>
